Annual report for tax year ...

Bibliographic Details
Corporate Author: Texas. State Property Tax Board
Format: Government Document Serial
Language:English
Published: Austin, Tex. : State Property Tax Board.
Subjects:

MARC

Tag First Indicator Second Indicator Subfields
LEADER 00000cas a22000005a 4500
001 in00001069167
005 20150929092947.0
008 811231c19uu9999txuar s0uuua0eng d
010 |a  84645734  
012 |a 2  |i 8407 
035 |a (OCoLC)08031100 
035 |9 AFM7391AM 
037 |b State Property Tax Board, State of Texas, 9501 N. IH 35, P.O. Box 15900, Austin, Tex. 78761 
040 |a IKM  |c IKM  |d DLC  |d NST  |d IKM  |d UtOrBLW 
042 |a lc 
043 |a n-us-tx 
049 |a IKMd 
050 0 0 |a PAR 
086 |a P3240.3 An78t  |2 txdocs 
099 9 |a P3240.3  |a An78t 
110 1 |a Texas.  |b State Property Tax Board. 
245 1 0 |a Annual report for tax year ... 
246 3 0 |a Annual report 
264 1 |a Austin, Tex. :  |b State Property Tax Board. 
300 |a volumes :  |b illustrations, maps ;  |c 28 cm. 
310 |a Annual 
336 |a text  |b txt  |2 rdacontent 
337 |a unmediated  |b n  |2 rdamedia 
338 |a volume  |b nc  |2 rdacarrier 
500 |a "As required by Sec. 5.09, Property Tax Code." 
500 |a Description based on: 1980. 
650 0 |a Real property tax  |z Texas. 
890 |a Annual report for tax year ... (Texas. State Property Tax Board) 
999 |a MARS 
999 f f |s a386ed5b-1490-38e2-82aa-5200094b777a  |i 21afd45f-e380-3a51-b175-b63c8eefbd48  |t 0 
952 f f |p normal  |a Texas A&M University  |b College Station  |c Sterling C. Evans Library  |d Evans: Texas Documents (Annex 5th floor)  |t 0  |e P3240.3 AN78t  |h Superintendent of Documents classification  |i unmediated -- volume  |k 1984/1985  |m A14841048080 
952 f f |p normal  |a Texas A&M University  |b College Station  |c Sterling C. Evans Library  |d Evans: Texas Documents (Annex 5th floor)  |t 0  |e P3240.3 AN78t  |h Superintendent of Documents classification  |i unmediated -- volume  |k 1988/1989  |m A14815776582 
952 f f |p normal  |a Texas A&M University  |b College Station  |c Sterling C. Evans Library  |d Evans: Texas Documents (Annex 5th floor)  |t 0  |e P3240.3 AN78t  |h Superintendent of Documents classification  |i unmediated -- volume  |k 1985/1986  |m A14841048682 
952 f f |p normal  |a Texas A&M University  |b College Station  |c Sterling C. Evans Library  |d Evans: Texas Documents (Annex 5th floor)  |t 0  |e P3240.3 AN78t  |h Superintendent of Documents classification  |i unmediated -- volume  |k 1987/1988  |m A14815776786 
952 f f |p normal  |a Texas A&M University  |b College Station  |c Sterling C. Evans Library  |d Evans: Texas Documents (Annex 5th floor)  |t 0  |e P3240.3 AN78t  |h Superintendent of Documents classification  |i unmediated -- volume  |k 1980/1981  |m A14825536031 
952 f f |p normal  |a Texas A&M University  |b College Station  |c Sterling C. Evans Library  |d Evans: Texas Documents (Annex 5th floor)  |t 0  |e P3240.3 AN78t  |h Superintendent of Documents classification  |i unmediated -- volume  |k 1982/1983  |m A14841048608 
952 f f |p normal  |a Texas A&M University  |b College Station  |c Sterling C. Evans Library  |d Evans: Texas Documents (Annex 5th floor)  |t 0  |e P3240.3 AN78t  |h Superintendent of Documents classification  |i unmediated -- volume  |k 1981/1982  |m A14841048569 
952 f f |p normal  |a Texas A&M University  |b College Station  |c Sterling C. Evans Library  |d Evans: Texas Documents (Annex 5th floor)  |t 0  |e P3240.3 AN78t  |h Superintendent of Documents classification  |i unmediated -- volume  |k 1983/1984  |m A14841048640 
998 f f |a P3240.3 AN78t  |s 1980/1-1988/9  |t 0  |l Evans: Texas Documents (Annex 5th floor)